| 000 | 00527nam a2200181 a 4500 | ||
|---|---|---|---|
| 005 | 20210223120410.0 | ||
| 008 | 991125s1959 ag 000 0 spa u | ||
| 035 | _aUPN01000000220 | ||
| 049 | _aCG | ||
| 050 | 4 |
_aE457.905 _bM3.38 |
|
| 100 | 1 | _aMc Neer, May | |
| 245 | 1 | 0 |
_aAbraham Lincon / _cMay Mc Neer ; il. Lind Ward ; tr. Mario H. Calichio. |
| 260 |
_aBuenos Aires : _bAgora, _c1959. |
||
| 300 | _a120 p., [20] p. de láms. | ||
| 440 | 0 | _aJuvenil ilustrada | |
| 600 | 1 | 4 |
_aLINCOLN, ABRAHAM, _d1809-1865 _910758 |
| 905 | _aLibro | ||
| 999 |
_c220 _d220 |
||